000 02170nam a22001697a 4500
999 _c13869
_d13869
008 190426b ||||| |||| 00| 0 eng d
082 _22018
_aUT 1254
_bEb47
100 _aEbido, Analie G.
_938598
245 _aFood safety knowledge and food handling behavior of 3rd year BTTE students /
_cAnalie G. Ebido, Nilva M. Pactao-in, and Bethlehem N. Cabano.
260 _aDigosn City:
_bUMDC
_cMarch 2018.
300 _a47 pages;
_c30 cm.
520 _aEbido, A., Pactao-in, N. & Cabano, B., (March 2018). Food Safety Knowledge and Food Handling Behavior of 3rd Year BTTE Students. Digos City: University of Mindanao. This study is titled Food Safety Knowledge and Food Handling Behavior of 3rd Year BTTE College Students in University of Mindanao. A Descriptive Correlational Methodology was used in this study. This study particularly aimed is to examine the relationship between Food Safety Knowledge and Foods Handling Behavior of 3rd year college students in handling of food. Participants, were 53, 3rd year BTTE College Students from University of Mindanao. Data was collected through a questionnaire survey that utilized forty-five (45) questions regarding Food Safety Knowledge and Food Handling Behavior of the students. The results revealed that students’ knowledge of food safety is weak with an overall percentage of 69.44. Second, the students have an average or neutral behavior or practices of food handling with an overall mean of 2.06. This indicates that the behavior of the respondents did not contribute to food safety problem. Lastly, there is no relationship between the food safety knowledge and the food handling behavior as perceived by the third year BTTE students of UM Digos College with the correlation coefficient of 1.66. Therefore, the study reveals that students must enhance and develop their knowledge and skills on how to prepare and handling the food safety. Keywords: Food Safety Knowledge, Food Handling Behavior Locator: UT 1254/Eb47/2018
650 _aTechnical Teacher Education
_xUndergraduate thesis.
_938599
700 _aPactao-in, Nilva M.
_931806
700 _aCabano, Bethlehem N.
_931807
942 _2ddc
_cUT